000 00481nam a2200181Ia 4500
001 3320
005 20260306145635.0
008 260306t1961||||xx |||||||||||||| ||spa||
041 _aESP
082 _a269.46
_bM84
100 _aMondrone, Doménico
_eAUT
245 0 _aUn prete scomodo:
_bDon Pietro Poveda Castroverde fondatore della Istituzione Teresiana
260 _c1961
300 _a393 páginas :
_c22 cm.
650 _aGEN
654 _aCHU
942 _cLIB
_dJUS
_fJUS
_2ddc
_n
999 _c3320
_d3320